Genetics : (Record no. 19615)

000 -LEADER
fixed length control field 00854nam a2200265 a 4500
001 - CONTROL NUMBER
control field 4804323
005 - DATE AND TIME OF LATEST TRANSACTION
control field 20170117102844.0
008 - FIXED-LENGTH DATA ELEMENTS--GENERAL INFORMATION
fixed length control field 900131s1989 iaua b 001 0 eng
010 ## - LIBRARY OF CONGRESS CONTROL NUMBER
LC control number 88071662
020 ## - INTERNATIONAL STANDARD BOOK NUMBER
International Standard Book Number 0697013537
040 ## - CATALOGING SOURCE
Original cataloging agency DLC
Transcribing agency DLC
Modifying agency DLC
050 00 - LIBRARY OF CONGRESS CALL NUMBER
Classification number QH431
Item number .M39 1989
100 1# - MAIN ENTRY--PERSONAL NAME
Personal name Maxson, Linda R.
245 10 - TITLE STATEMENT
Title Genetics :
Remainder of title a human perspective /
Statement of responsibility, etc. Linda R. Maxson, Charles H. Daugherty.
250 ## - EDITION STATEMENT
Edition statement 2nd ed.
260 ## - PUBLICATION, DISTRIBUTION, ETC. (IMPRINT)
Place of publication, distribution, etc. Dubuque, Iowa :
Name of publisher, distributor, etc. W.C. Brown Publishers,
Date of publication, distribution, etc. c1989.
300 ## - PHYSICAL DESCRIPTION
Extent xv, 387 p. :
Other physical details ill. (some col.) ;
Dimensions 27 cm.
504 ## - BIBLIOGRAPHY, ETC. NOTE
Bibliography, etc Includes bibliographies and index.
650 #0 - SUBJECT ADDED ENTRY--TOPICAL TERM
Topical term or geographic name as entry element Human genetics.
650 #0 - SUBJECT ADDED ENTRY--TOPICAL TERM
Topical term or geographic name as entry element Genetics.
700 1# - ADDED ENTRY--PERSONAL NAME
Personal name Daugherty, Charles H.
942 ## - ADDED ENTRY ELEMENTS (KOHA)
Source of classification or shelving scheme
Koha item type Hard Covered Materials
Classification part QH431 .M39 1989
Holdings
Withdrawn status Lost status Source of classification or shelving scheme Damaged status Not for loan Home library Current library Shelving location Date acquired Source of acquisition Total Checkouts Full call number Barcode Date last seen Date last checked out Price effective from Koha item type
          MACHAKOS UNIVERSITY LIBRARY MACHAKOS UNIVERSITY LIBRARY Technical section 17/01/2017 Donation(BFA) 1 QH431 .M39 1989 30201 23/09/2024 06/09/2024 17/01/2017 Hard Covered Materials
© Machakos University Library, Along The Highway, Machakos Wote Rd, Machakos, Kenya P.O. Box 136 - 90100 Machakos - Kenya

Tel: ( +254 ) 723 805829 OR Fax : 044-20353 OR Email: library@mksu.ac.ke